Child development and personality (Record no. 347774)

MARC details
000 -LEADER
fixed length control field 003970000a22001690004500
060 ## - NATIONAL LIBRARY OF MEDICINE CALL NUMBER
Classification number 100
082 ## - DEWEY DECIMAL CLASSIFICATION NUMBER
Classification number 155.4 MUS
100 ## - MAIN ENTRY--PERSONAL NAME
Personal name Conger, John Janeway
100 ## - MAIN ENTRY--PERSONAL NAME
Personal name Kagan, Jerome
100 ## - MAIN ENTRY--PERSONAL NAME
Personal name Mussen, Paul Henry
245 ## - TITLE STATEMENT
Title Child development and personality
250 ## - EDITION STATEMENT
Edition statement 2
260 ## - PUBLICATION, DISTRIBUTION, ETC. (IMPRINT)
Place of publication, distribution, etc. London, A harper international student reprint
260 ## - PUBLICATION, DISTRIBUTION, ETC. (IMPRINT)
Date of publication, distribution, etc. 1956
300 ## - PHYSICAL DESCRIPTION
Extent 625
942 ## - ADDED ENTRY ELEMENTS (KOHA)
Koha item type Books (General)
Holdings
Withdrawn status Lost status Damaged status Not for loan Home library Current library Date acquired Total Checkouts Full call number Barcode Date last seen Price effective from Koha item type
        College of Agriculture, Vellayani College of Agriculture, Vellayani 02/05/2014   155.4 MUS KAU_COAV-4874 02/05/2014 02/05/2014 Books (General)
Kerala Agricultural University Central Library
Thrissur-(Dt.), Kerala Pin:- 680656, India
Ph : (+91)(487) 2372219
E-mail: librarian@kau.in
Website: http://library.kau.in/